Nádcha a bronchiálna astma

Bibliographic Details
Main Author: Hrubiško, Martin (Author)
Format: Article
Language:Slovak
PhysicalDescription:Tab.
ISSN:1335-4477
Subjects:

MARC

LEADER 00000nab a2200000 a 4500
001 vtls000788699
003 SK-MaSNL
005 20260304214819.0
008 140303c2002 xo 0 slo
015 |a SNBRB2002/03-11065 
035 |a CLN000140354 
040 |a SNKBUCL  |b slo  |c SNKBUCL  |e AACR2 
041 0 |a slo 
044 |a xo  |c SK 
080 |a 616.248:616.211-002  |2 1997 
080 |a 616.211-002:616.248  |2 1997 
100 1 |a Hrubiško, Martin  |4 aut  |9 196523 
245 1 0 |a Nádcha a bronchiálna astma  |c Marián Hrubiško 
300 |b Tab. 
650 0 7 |a nádcha  |2 SNKPH  |9 13627 
650 0 7 |a bronchiálna astma  |2 SNK  |9 837269 
650 0 7 |a terapia  |2 SNKPH  |9 781 
655 7 |a články z novín a časopisov  |2 SNK  |9 267496 
773 0 |t Zdravotnícke noviny  |g Roč. 7, č. 10 (2002)  |x 1335-4477 
773 0 |t [Príl.] Lekárske listy  |g Č. 10 (2002), s. 12-14  |x 1335-4477 
850 |a Slovenská národná knižnica v Martine 
852 |a SNK  |b KIS3GCP 
958 |a MI 
992 |a RBX 
999 |c 3143392  |d 3145322